Psychobiology: the biological bases of behavior; (Record no. 136426)
[ view plain ]
| 000 -LEADER | |
|---|---|
| fixed length control field | 01084cam1a220028900 4500 |
| 001 - CONTROL NUMBER | |
| control field | lce00601709 |
| 005 - DATE AND TIME OF LATEST TRANSACTION | |
| control field | 20190822123858.0 |
| 008 - FIXED-LENGTH DATA ELEMENTS--GENERAL INFORMATION | |
| fixed length control field | 710920s1967 caua b 000 0 eng |
| 010 ## - LIBRARY OF CONGRESS CONTROL NUMBER | |
| LC control number | 67012182 //r902 |
| 035 ## - SYSTEM CONTROL NUMBER | |
| System control number | (Sirsi) r52774 |
| 035 ## - SYSTEM CONTROL NUMBER | |
| System control number | (DLC) 67012182 //r902 |
| 035 ## - SYSTEM CONTROL NUMBER | |
| System control number | (UPRA)lce00601709 |
| 040 ## - CATALOGING SOURCE | |
| Original cataloging agency | DLC |
| Transcribing agency | DLC |
| Modifying agency | DLC |
| 050 00 - LIBRARY OF CONGRESS CALL NUMBER | |
| Classification number | QL750 |
| Item number | .S3 |
| 082 00 - DEWEY DECIMAL CLASSIFICATION NUMBER | |
| Classification number | 156/.2/08 |
| 130 0# - MAIN ENTRY--UNIFORM TITLE | |
| Uniform title | Scientific American. |
| 245 10 - TITLE STATEMENT | |
| Title | Psychobiology: the biological bases of behavior; |
| Remainder of title | readings from Scientific American. |
| Statement of responsibility, etc. | With introductions by James L. McGaugh, Norman M. Weinberger [and] Richard E. Whalen. |
| 260 ## - PUBLICATION, DISTRIBUTION, ETC. | |
| Place of publication, distribution, etc. | San Francisco, |
| Name of publisher, distributor, etc. | W. H. Freeman |
| Date of publication, distribution, etc. | [1967] |
| 504 ## - BIBLIOGRAPHY, ETC. NOTE | |
| Bibliography, etc. note | "Biographies and bibliographies": p. [367]-378. |
| 650 #0 - SUBJECT ADDED ENTRY--TOPICAL TERM | |
| Topical term or geographic name entry element | Animal behavior. |
| Linkage | S8.2 |
| 650 #0 - SUBJECT ADDED ENTRY--TOPICAL TERM | |
| Topical term or geographic name entry element | Psychophysiology. |
| Linkage | S2214.1 |
| 700 1# - ADDED ENTRY--PERSONAL NAME | |
| Personal name | McGaugh, James L. |
| Linkage | A11377.1 |
| 949 ## - LOCAL PROCESSING INFORMATION (OCLC) | |
| a | QL750 |
| w | lcc |
| i | -67207 |
| m | MAIN |
| t | BOOK |
| l | ON-SHELF |
| 949 ## - LOCAL PROCESSING INFORMATION (OCLC) | |
| a | QL750 |
| w | lcc |
| i | 33729001471551 |
| m | MAIN |
| p | 2500 |
| t | SHORTLOAN |
| l | SHORTLOAN |
| 949 ## - LOCAL PROCESSING INFORMATION (OCLC) | |
| a | QL750 |
| w | lcc |
| i | 33729001471619 |
| m | MAIN |
| p | 2500 |
| t | SHORTLOAN |
| l | SHORTLOAN |
No items available.